The anthropology of experience edited by Victor W. Turner and Edward M. Bruner ; with an epilogue by Clifford Geertz.

Αποθηκεύτηκε σε:
Λεπτομέρειες βιβλιογραφικής εγγραφής
Άλλοι συγγραφείς: Turner, Victor W. (Victor Witter), 1920-1983 (Επιμελητής έκδοσης), Bruner, Edward M. (Επιμελητής έκδοσης)
Μορφή: Βιβλίο
Γλώσσα:English
Δημοσίευση: Urbana ; Chicago : University of Illinois Press, c1986.
Θέματα:
Ετικέτες: Προσθήκη ετικέτας
Δεν υπάρχουν, Καταχωρήστε ετικέτα πρώτοι!

MARC

LEADER 00000nam a2200000 a 4500
001 1/127763
008 231129s1986####ilu| ||| |||| ||eng||
020 |a 0252012496 
040 |a GR-MyUa  |b gre  |c GR-MyUa  |e AACR2 
041 0 |a eng 
082 7 |a 306.01   |2 (23) 
245 0 4 |a The anthropology of experience /   |b edited by Victor W. Turner and Edward M. Bruner ; with an epilogue by Clifford Geertz.  
260 |a Urbana ;   |a Chicago :   |b University of Illinois Press,   |c c1986.  
300 |a 391 σ. :   |b εικ. ;   |c 23 εκ.  
504 |a Περιέχει βιβλιογραφικές παραπομπές και ευρετήριο.  
650 0 |a Ethnology  |x Philosophy. 
650 0 |a Ethnology  |x Methodology. 
650 0 |a Symbolic anthropology 
650 0 |a Humanities  |x Methodology. 
650 0 |a Experience 
700 1 |a Turner, Victor W.   |q (Victor Witter),   |d 1920-1983,  |e edt 
700 1 |a Bruner, Edward M.  |e edt 
852 |a INST  |b LESVOS  |e 20231129  |h 306.01 ANT  |p 005100065613  |q 005100065613  |t BK  |y 0 
970 |a Καμάτσου  |b Δέσποινα  |z 29-11-2023